Garraf /
Descripción Física:
Il·lustracions
Colección:
San Jorge,
; núm. 19 (juliol 1955), pàg 8-9
Materias:
Garraf (Catalunya)
Idioma:
Español
MARC
| LEADER | 00000naa a2200000 a 4500 | ||
|---|---|---|---|
| 003 | Arxiu | ||
| 005 | 20260324181034.0 | ||
| 008 | 160829s1955 spcaxx s spa c | ||
| 040 | |a AGDB | ||
| 100 | 1 | |a Llobet, Salvador, |d 1908-1991 |9 25877 | |
| 245 | 1 | 0 | |a Garraf / |c Salvador Llobet |
| 300 | |b Il·lustracions | ||
| 490 | |a San Jorge, |v núm. 19 (juliol 1955), pàg 8-9 | ||
| 651 | 0 | |a Garraf (Catalunya) |9 50641 | |
| 773 | |g Núm. 19 (juliol 1955), pàg 8-9 |t San Jorge. | ||
| 901 | |a Arxiu | ||
| 942 | |n 1 |2 udc |c ART | ||
| 952 | |0 0 |1 0 |4 0 |6 REV510 |7 1 |9 65188 |a Arxiu |b Arxiu |d 2023-02-01 |l 0 |o Rev-510 |r 2023-02-01 00:00:00 |w 2023-02-01 |y ARXIU |z També disponible a Rev-524 | ||
| 999 | |c 48141 |d 48141 | ||